| 000 | 00810nac a22002171u 4500 | ||
|---|---|---|---|
| 010 | _a 74156908 | ||
| 020 |
_a0582212707 : _a0582212707 : |
||
| 082 | 0 | 0 |
_a690 _bC55936 |
| 090 |
_c4699 _d4699 |
||
| 100 | _aChudley, R. | ||
| 245 | 1 | 0 |
_aConstruction technology _c[by] R. Chudley. |
| 260 |
_a[London] _bLongman1992. _c1992. |
||
| 300 |
_a245 p, _billus. _c22 cm. |
||
| 490 | 0 | _aLongman construction series | |
| 490 | 0 | _aV. 4- : Longman technician series : Construction and civil engineering | |
| 500 | _aVols. 3- have imprint: London, New York, Longman. | ||
| 504 | _aIncludes bibliographies and index | ||
| 650 | 0 | _aBuilding. | |
| 942 |
_cBB _k690C55936 |
||
| 999 |
_c4699 _d4699 |
||